000 01177naa a22002777a 4500
001 BR8006682
003 BR-BrBNA
005 20240918174705.0
007 ta
008 230509b bl.||||| |||| 00| 0 por d
040 _aBR-BrBNA
_bpor
_cBiblioteca Nacional de Agricultura
041 _a(Pt)
072 _aP00
_b/G514
090 _aP00 BR8006682
100 1 _aBenjamim, L.T. da S.
100 1 _aHora, F.M.D. da
111 1 _a2. Simposio Nacional de Ecologia
_cBelem, PA (Brazil)
_d19-23 Nov 1979
245 1 _aImportancia do manejo dos recursos naturais renovaveis da Amazonia [Brasil]
260 3 _aBelem, PA (Brasil):
_c1980.
500 _aFreire, E.M. da S.; Vulcao, L.P.; Oliveira, D. de N.M. (eds.) Anais do 2. Simposio Nacional de Ecologia Belem, PA (Brasil): 1980. v. 2 p. 193-202 (BR8006682-AM)P00
650 _aRECURSO NATURAL
650 _aAMAZONIA
773 0 _tAnais do 2. Simposio Nacional de Ecologia
_aFreire, E.M. da S.; Vulcao, L.P.; Oliveira, D. de N.M. (eds.). Secretaria de Estado de Agricultura do Para, Belem (Brasil)
_wP00 BR8006682
_gBelem, PA (Brasil), 1980. v. 2 p. 193-202
909 _a202404
_bLucia
_c55
_dLucia Elande
942 _cAM
_2AGRIS
999 _c312903
_d312903